000 00385cam a22001097a 4500
008 180718b1958 xxu||||| |||| 00| 0 eng d
082 _aA34 M269
245 _aPunjab printing and stationery manual
_cby Printing and Stationery Department, Punjab
260 _aChandigarh
_bPrinting and Stationery Department
_c1958
300 _a160+p.
700 _aPunjab Printing and Stationery Department
999 _c487524
_d487524